ARRUPE JESUIT UNIVERSITY

CORONAVIRUS -STOP THE SPREAD - CLEAN,DISINFECT,COVER

Mapping the mind / (Record no. 130744)

MARC details
000 -LEADER
fixed length control field 01327cam a2200325 a 4500
001 - CONTROL NUMBER
control field 4036937
003 - CONTROL NUMBER IDENTIFIER
control field ARRUPE
005 - DATE AND TIME OF LATEST TRANSACTION
control field 20211008113138.0
008 - FIXED-LENGTH DATA ELEMENTS--GENERAL INFORMATION
fixed length control field 980318s1998 caua b 001 0 eng
010 ## - LIBRARY OF CONGRESS CONTROL NUMBER
LC control number 98070490
020 ## - INTERNATIONAL STANDARD BOOK NUMBER
International Standard Book Number 0520219376
040 ## - CATALOGING SOURCE
Original cataloging agency DLC
Transcribing agency DLC
Modifying agency DLC
050 00 - LIBRARY OF CONGRESS CALL NUMBER
Classification number RC386.6.B7
Item number C37 1998
082 00 - DEWEY DECIMAL CLASSIFICATION NUMBER
Classification number 612.8/2
Edition number 21
300 ## - PHYSICAL DESCRIPTION
Other physical details col. ill. ;
Dimensions 27 cm.
100 1# - MAIN ENTRY--PERSONAL NAME
Personal name Carter, Rita,
Dates associated with a name 1949-
9 (RLIN) 50387
245 10 - TITLE STATEMENT
Title Mapping the mind /
Statement of responsibility, etc Rita Carter ; scientific adviser : Christopher Frith.
260 ## - PUBLICATION, DISTRIBUTION, ETC. (IMPRINT)
Place of publication, distribution, etc Berkeley, CA. :
Name of publisher, distributor, etc University of California Press,
Date of publication, distribution, etc c1998.
300 ## - PHYSICAL DESCRIPTION
Extent 224 p. :
500 ## - GENERAL NOTE
General note Designed and illustrated by MoonRunner Design Ltd.
504 ## - BIBLIOGRAPHY, ETC. NOTE
Bibliography, etc Includes bibliographical references (p. 208-220) and index.
650 #0 - SUBJECT ADDED ENTRY--TOPICAL TERM
Topical term or geographic name as entry element Brain mapping
Form subdivision Popular works.
9 (RLIN) 50388
700 1# - ADDED ENTRY--PERSONAL NAME
Personal name Frith, Christopher D.
9 (RLIN) 50389
856 42 - ELECTRONIC LOCATION AND ACCESS
Materials specified Contributor biographical information
Uniform Resource Identifier <a href="http://www.loc.gov/catdir/bios/ucal052/98070490.html">http://www.loc.gov/catdir/bios/ucal052/98070490.html</a>
856 42 - ELECTRONIC LOCATION AND ACCESS
Materials specified Publisher description
Uniform Resource Identifier <a href="http://www.loc.gov/catdir/description/ucal042/98070490.html">http://www.loc.gov/catdir/description/ucal042/98070490.html</a>
856 41 - ELECTRONIC LOCATION AND ACCESS
Materials specified Sample text
Uniform Resource Identifier <a href="http://www.loc.gov/catdir/samples/ucal041/98070490.html">http://www.loc.gov/catdir/samples/ucal041/98070490.html</a>
906 ## - LOCAL DATA ELEMENT F, LDF (RLIN)
a 7
b cbc
c orignew
d 2
e opcn
f 19
g y-gencatlg
942 ## - ADDED ENTRY ELEMENTS (KOHA)
Source of classification or shelving scheme Library of Congress Classification
Koha item type Monograph ( Printed materials)
Holdings
Withdrawn status Lost status Source of classification or shelving scheme Damaged status Not for loan Collection code Home library Current library Shelving location Date acquired Total Checkouts Full call number Barcode Date last seen Price effective from Koha item type
    Library of Congress Classification     Main Collection ARRUPE LIBRARY ARRUPE LIBRARY Main Collection 08/10/2021   RC386.6.B7 C37 1998 46600007685 08/10/2021 08/10/2021 Monograph ( Printed materials)

 

Arrupe Library. PO Box MP320 Mt Pleasant, Harare, Zimbabwe
263 242 745411|librarian@aju.ac.zw